[Event "KP junioru MKSS 2019"]
[Site "?"]
[Date "2019.06.14"]
[Round "1"]
[White "Bohdal, Karel"]
[Black "Kucera, Tomas"]
[Result "0-1"]
[WhiteElo "1474"]
[BlackElo "2023"]
[PlyCount "50"]

1. e4 c5 2. Bc4 Nc6 3. Nf3 g6 4. d4 cxd4 5. Nxd4 Bg7 6. Nxc6 bxc6 7. O-O Nf6 8.
Re1 O-O 9. c3 e5 10. Bg5 Qe7 11. Nd2 Bb7 12. Nf3 h6 13. Bxf6 Bxf6 14. Qd2 Kh7
15. Rad1 Rad8 16. Qd6 Qxd6 17. Rxd6 Be7 18. Rd2 d6 19. Bb3 f5 20. Bc2 Kg7 21.
exf5 gxf5 22. Nd4 Bg5 23. Nxf5+ Rxf5 24. Bxf5 Bxd2 25. Re2 Bg5 0-1

[Event "KP junioru MKSS 2019"]
[Site "?"]
[Date "2019.06.14"]
[Round "1"]
[White "Klapuch, Dominik"]
[Black "Raptis, Janis"]
[Result "0-1"]
[WhiteElo "1074"]
[BlackElo "1491"]
[PlyCount "64"]

1. e4 c6 2. d4 d5 3. exd5 cxd5 4. Bd3 Nc6 5. c3 Nf6 6. Bf4 Bg4 7. Qb3 Qd7 8. f3
Bh5 9. Ne2 e6 10. Nd2 Be7 11. O-O Bg6 12. Qc2 Rc8 13. a4 Nb4 14. Bb5 Nxc2 15.
Bxd7+ Kxd7 16. Ra2 Nh5 17. Bg3 Nxg3 18. Nxg3 Ne3 19. Re1 Nc4 20. Nb3 Bc2 21.
Nc1 Bg6 22. Nce2 a5 23. Nf4 Bc2 24. b4 Bb3 25. Raa1 axb4 26. cxb4 Bxb4 27. Rab1
Bxe1 28. Rxb3 Rc7 29. Nd3 Bxg3 30. Nc5+ Ke7 31. hxg3 b6 32. Na6 Ra7 0-1

[Event "KP junioru MKSS 2019"]
[Site "?"]
[Date "2019.06.14"]
[Round "1"]
[White "Sakaev, Konstantin"]
[Black "Chwistek, Marek"]
[Result "1-0"]
[WhiteElo "1482"]
[BlackElo "1060"]
[PlyCount "65"]

1. d4 d5 2. c4 Nf6 3. Nc3 c6 4. e3 Bf5 5. Nf3 g6 6. Bd3 Bg4 7. h3 Bxf3 8. Qxf3
Bg7 9. b3 O-O 10. O-O Na6 11. a3 Qa5 12. Bd2 Qb6 13. c5 Qxb3 14. Rfb1 Qxb1+ 15.
Rxb1 Rab8 16. Bxa6 bxa6 17. Rxb8 Rxb8 18. Qe2 Rb2 19. Qd1 Ne4 20. Nxe4 dxe4 21.
Bb4 Ra2 22. Qa4 e5 23. d5 cxd5 24. Qxa6 d4 25. Qc8+ Bf8 26. c6 Kg7 27. Qxf8+
Kf6 28. Qd6+ Kf5 29. g4+ Kg5 30. Qxe5+ Kh4 31. Be7+ g5 32. Bxg5+ Kxh3 33. Qg3#
1-0

[Event "KP junioru MKSS 2019"]
[Site "?"]
[Date "2019.06.14"]
[Round "1"]
[White "Mlynek, Stanislav"]
[Black "Moravec, Hynek"]
[Result "1-0"]
[WhiteElo "1559"]
[BlackElo "1202"]
[PlyCount "41"]

1. e4 Nf6 2. Nc3 d5 3. e5 Nfd7 4. d4 e6 5. Qh5 c5 6. Nf3 h6 7. Bd3 Be7 8. Nxd5
cxd4 9. O-O Nc6 10. Nf4 Nc5 11. Qg4 g5 12. Nh5 Nxd3 13. cxd3 f5 14. exf6 Bxf6
15. Qe4 Kf7 16. b4 Qd5 17. Nxf6 Kxf6 18. Qxd5 exd5 19. Bb2 Re8 20. Nxd4 Nxb4
21. Nc6+ 1-0

[Event "KP juniou MKSS 2019"]
[Site "?"]
[Date "2019.06.14"]
[Round "1"]
[White "Stefanik, Marek"]
[Black "Palyza, Lukas"]
[Result "1-0"]
[WhiteElo "1972"]
[BlackElo "1341"]
[PlyCount "45"]

1. e4 e6 2. d4 d5 3. Nc3 Nc6 4. e5 Nge7 5. Nf3 Ng6 6. Ne2 Be7 7. Nf4 O-O 8. c3
Nxf4 9. Bxf4 f6 10. Bd3 fxe5 11. Bxe5 Bf6 12. Bc2 Bxe5 13. dxe5 Bd7 14. Qd3 g6
15. h4 Be8 16. O-O-O Qd7 17. g4 Ne7 18. Rh3 Qb5 19. Qe3 Qb6 20. Qh6 Rf7 21. Ng5
Rg7 22. Rf3 Bb5 23. Rd4 1-0

[Event "KP junioru MKSS 2019"]
[Site "?"]
[Date "2019.06.14"]
[Round "1"]
[White "Hubner, Lukas"]
[Black "Havel, Kristian"]
[Result "0-1"]
[WhiteElo "1311"]
[BlackElo "1644"]
[PlyCount "44"]

1. e4 c5 2. Nf3 Nc6 3. d4 cxd4 4. Nxd4 Nf6 5. Nc3 e5 6. Nf3 Bb4 7. Bd2 Bxc3 8.
Bxc3 Nxe4 9. Bxe5 Nxe5 10. Nxe5 Qa5+ 11. c3 Qxe5 12. Qe2 d6 13. f3 Nf6 14.
O-O-O Qxe2 15. Bxe2 d5 16. Bb5+ Bd7 17. Bxd7+ Kxd7 18. c4 Rac8 19. b3 Rhe8 20.
Rhf1 Re2 21. Kb1 Rxg2 22. Rh1 Re8 0-1

[Event "KP junioru MKSS 2019"]
[Site "?"]
[Date "2019.06.14"]
[Round "2"]
[White "Chwistek, Marek"]
[Black "Hubner, Lukas"]
[Result "0-1"]
[WhiteElo "1060"]
[BlackElo "1311"]
[PlyCount "93"]

1. e4 e5 2. Nf3 Nc6 3. Bc4 Bc5 4. d3 Nf6 5. Bg5 h6 6. Bh4 O-O 7. O-O d6 8. h3
Na5 9. Nbd2 c6 10. c3 Nxc4 11. Nxc4 Re8 12. d4 exd4 13. Nxd4 Rxe4 14. Bg3 d5
15. Ne3 Bxd4 16. cxd4 Qb6 17. Re1 Qxd4 18. Qxd4 Rxd4 19. Be5 Re4 20. Bxf6 gxf6
21. f3 Re7 22. Kf2 Bd7 23. Rac1 b5 24. Red1 Rae8 25. Nc2 Re2+ 26. Kg1 a5 27. b3
Bc8 28. Nd4 Rxa2 29. Rxc6 a4 30. Nxb5 Bd7 31. Nc3 Bxc6 32. Nxa2 axb3 33. Nc3
Rb8 34. Kf2 Kg7 35. g4 Kg6 36. Kg3 h5 37. Rd4 b2 38. Nb1 hxg4 39. fxg4 Rb3+ 40.
Kh4 f5 41. Rd1 d4 42. Rxd4 Be4 43. Rd1 Bxb1 44. Rxb1 f4 45. g5 Kf5 46. g6 fxg6
47. Rc1 0-1

[Event "KP junioru MKSS 2019"]
[Site "?"]
[Date "2019.06.14"]
[Round "2"]
[White "Raptis, Janis"]
[Black "Stefanik, Marek"]
[Result "0-1"]
[WhiteElo "1491"]
[BlackElo "1972"]
[PlyCount "76"]

1. c4 e5 2. g3 Bc5 3. Bg2 d6 4. e3 c6 5. d4 exd4 6. exd4 Bb6 7. Nc3 Qf6 8. Nge2
Bf5 9. O-O Ne7 10. Bf4 Ng6 11. d5 Nxf4 12. Nxf4 O-O 13. dxc6 bxc6 14. Qa4 Rc8
15. Rad1 a6 16. Rfe1 Nd7 17. Ncd5 cxd5 18. Nxd5 Qxb2 19. Ne7+ Kf8 20. Nxf5 Nc5
21. Rb1 Nxa4 22. Rxb2 Nxb2 23. Nxd6 Rd8 24. Bxa8 Rxd6 25. Bd5 Rf6 26. Rc1 Nd3
27. Rb1 Nxf2 28. Rxb6 Rxb6 29. Kxf2 Rb2+ 30. Ke3 Rxa2 31. h4 Ke7 32. Kd4 Ra5
33. c5 f6 34. Kc4 Ra4+ 35. Kb3 Rg4 36. c6 Kd6 37. Bh1 Rxg3+ 38. Kb4 f5 0-1

[Event "KP junioru MKSS"]
[Site "?"]
[Date "2019.06.14"]
[Round "2"]
[White "Havel, Kristian"]
[Black "Sakaev, Konstantin"]
[Result "1-0"]
[WhiteElo "1644"]
[BlackElo "1482"]
[PlyCount "79"]

1. f4 Nf6 2. Nf3 g6 3. e3 d5 4. c3 c5 5. d4 c4 6. b3 Qc7 7. bxc4 dxc4 8. Qa4+
Qc6 9. Qxc6+ Nxc6 10. Bxc4 Na5 11. Bd3 e6 12. Ba3 Bxa3 13. Nxa3 Bd7 14. Ne5 O-O
15. Nxd7 Nxd7 16. c4 Rfc8 17. Kd2 b6 18. Rhc1 a6 19. Rab1 Rab8 20. e4 f6 21. d5
e5 22. g3 h5 23. Ke3 Kf7 24. h3 Ke7 25. fxe5 Nxe5 26. c5 Nxd3 27. Kxd3 bxc5 28.
Rxb8 Rxb8 29. Rxc5 Nb7 30. Rc7+ Kf8 31. Nc4 Ke8 32. Rh7 Nd8 33. Nd6+ Kf8 34.
Rd7 Kg8 35. Kc4 Kf8 36. Kd3 a5 37. e5 fxe5 38. Ke4 Rb2 39. Kxe5 Re2+ 40. Kf6
1-0

[Event "KP junioru MKSS"]
[Site "?"]
[Date "2019.06.14"]
[Round "2"]
[White "Kucera, Tomas"]
[Black "Mlynek, Stanislav"]
[Result "1-0"]
[WhiteElo "2023"]
[BlackElo "1559"]
[PlyCount "59"]

1. c4 c5 2. Nc3 Nc6 3. Nf3 Nf6 4. g3 g6 5. Bg2 Bg7 6. d4 cxd4 7. Nxd4 O-O 8.
O-O a6 9. b3 e5 10. Nc2 Ne8 11. Ba3 d6 12. e4 f5 13. Qd5+ Rf7 14. Rad1 Bf8 15.
exf5 Bxf5 16. Ne3 Nc7 17. Qd2 Nd4 18. Nxf5 Rxf5 19. Bxb7 Ra7 20. Bg2 Nce6 21.
Ne2 h5 22. Nxd4 Nxd4 23. Bb2 Nf3+ 24. Bxf3 Rxf3 25. Bxe5 h4 26. Bxd6 hxg3 27.
hxg3 Rh7 28. Bxf8 Qc8 29. Qg5 Rxf8 30. Rd6 1-0

[Event "KP junioru MKŠS 2019"]
[Site "?"]
[Date "2019.06.14"]
[Round "2"]
[White "Palyza, Lukas"]
[Black "Klapuch, Dominik"]
[Result "0-1"]
[WhiteElo "1341"]
[BlackElo "1074"]
[PlyCount "99"]

1. e4 e5 2. f4 d6 3. Nf3 Nc6 4. Bb5 Bg4 5. d3 Nge7 6. O-O a6 7. Ba4 Qd7 8. Qe1
f6 9. fxe5 dxe5 10. Be3 O-O-O 11. Nc3 Qd6 12. Nd2 h5 13. Nc4 Qe6 14. Bb3 Qd7
15. Na4 Kb8 16. h3 Be6 17. Nc5 Qc8 18. Nb6 cxb6 19. Nxe6 Rd6 20. Nxf8 Rxf8 21.
Bxb6 Nd4 22. Bxd4 Rxd4 23. Qg3 g5 24. c3 h4 25. Qe3 Rd6 26. Rac1 Qd8 27. Rcd1
Nc6 28. Bc2 Rf7 29. b4 Rfd7 30. a4 Ne7 31. c4 Qb6 32. Qxb6 Rxb6 33. Rb1 Ng6 34.
a5 Re6 35. Rb3 Nf4 36. c5 Ne2+ 37. Kf2 Nd4 38. Rc3 Nxc2 39. Rxc2 Rxd3 40. Ke2
Rd4 41. Rb2 Rxe4+ 42. Kd3 Rd4+ 43. Ke3 Kc7 44. Rb3 Kc6 45. Rb2 Kb5 46. Rfb1 Re8
47. Rb3 f5 48. R1b2 Red8 49. Rf2 f4+ 50. Ke2 0-1

[Event "KP junioru MKSS 2019"]
[Site "?"]
[Date "2019.06.14"]
[Round "2"]
[White "Gemsová, Tereza"]
[Black "Bohdal, Karel"]
[Result "1-0"]
[WhiteElo "1477"]
[BlackElo "1474"]
[PlyCount "91"]

1. e4 e6 2. d4 b6 3. c4 Bb7 4. Nc3 Bb4 5. Bd3 f5 6. f3 Bxc3+ 7. bxc3 fxe4 8.
fxe4 Bxe4 9. Qh5+ g6 10. Qe5 Bxg2 11. Bg5 Nc6 12. Qxh8 Qxg5 13. Qxg8+ Ke7 14.
Qxa8 Qe3+ 15. Ne2 Bxh1 16. Rd1 Qh3 17. Qh8 Qxh2 18. Qg7+ Ke8 19. Qg8+ Ke7 20.
Qg7+ Ke8 21. Qf6 Ne7 22. Kd2 Nf5 23. Qe5 Qxe5 24. dxe5 Bf3 25. Rg1 Kf7 26. Nd4
Bc6 27. Nxc6 dxc6 28. Bxf5 exf5 29. Ke3 b5 30. c5 Ke6 31. Kf4 Kd5 32. Rd1+ Ke6
33. Rh1 g5+ 34. Kxg5 Kxe5 35. Rxh7 Kd5 36. Rxc7 a5 37. Kxf5 Kxc5 38. Ke5 a4 39.
Ke4 b4 40. cxb4+ Kxb4 41. Rxc6 Ka3 42. Ra6 Kb4 43. Kd3 Kb5 44. Ra8 Kb4 45. Kc2
Ka3 46. Kc3 1-0

[Event "KP junioru MKSS 2019"]
[Site "?"]
[Date "2019.06.15"]
[Round "3"]
[White "Mlynek, Stanislav"]
[Black "Klapuch, Dominik"]
[Result "1-0"]
[WhiteElo "1559"]
[BlackElo "1074"]
[PlyCount "29"]

1. e4 d5 2. exd5 Qxd5 3. Nc3 Qa5 4. d4 Nf6 5. Bc4 Bf5 6. Bd2 c6 7. Qe2 Bxc2 8.
Nf3 e6 9. d5 cxd5 10. Nxd5 Qd8 11. Nxf6+ Qxf6 12. Bg5 Qxb2 13. O-O Qc3 14. Bxe6
Qd3 15. Bxf7+ 1-0

[Event "KP junioru MKSS 2019"]
[Site "?"]
[Date "2019.06.15"]
[Round "3"]
[White "Sakaev, Konstantin"]
[Black "Moravec, Hynek"]
[Result "0-1"]
[WhiteElo "1482"]
[BlackElo "1202"]
[PlyCount "74"]

1. c4 Nf6 2. Nc3 g6 3. d4 d5 4. c5 Bg7 5. Nf3 b6 6. b4 O-O 7. Bg5 c6 8. Qd2 a5
9. bxa5 Rxa5 10. cxb6 Qxb6 11. Bxf6 Bxf6 12. g3 Bf5 13. Bg2 Nd7 14. O-O e5 15.
dxe5 Nxe5 16. Nxe5 Bxe5 17. Rfe1 Qb4 18. Rec1 Ra3 19. Ne4 Qxd2 20. Nxd2 Bxa1
21. Rxa1 Rfa8 22. e4 Be6 23. exd5 Bxd5 24. Bxd5 cxd5 25. Kg2 Rxa2 26. Rxa2 Rxa2
27. Nb3 f5 28. Kf1 Kf7 29. Nc5 Ke7 30. h4 Kd6 31. Nd3 Ra3 32. Ke2 d4 33. Nb4
Kc5 34. Nd3+ Kc4 35. Ne5+ Kc3 36. f4 Ra2+ 37. Kd1 d3 0-1

[Event "KP junioru MKSS 2019"]
[Site "?"]
[Date "2019.06.15"]
[Round "3"]
[White "Hubner, Lukas"]
[Black "Raptis, Janis"]
[Result "0-1"]
[WhiteElo "1311"]
[BlackElo "1491"]
[PlyCount "90"]

1. e4 c6 2. d4 d5 3. e5 Bf5 4. Nf3 Nd7 5. Be2 e6 6. Bg5 Qb6 7. b3 Ne7 8. a4 c5
9. c3 Nc6 10. O-O cxd4 11. cxd4 Bb4 12. h3 O-O 13. Be3 Rac8 14. Bb5 a6 15. Bxc6
Rxc6 16. Bd2 Bc2 17. Qe1 Bxd2 18. Qxd2 Bxb3 19. Nc3 Rfc8 20. Rfc1 Qb4 21. Ne2
Qxd2 22. Nxd2 Bxa4 23. Rxc6 Bxc6 24. Rc1 Nb6 25. Nb3 Kf8 26. Na5 Bb5 27. Rxc8+
Nxc8 28. Nc3 Bc6 29. Nxc6 bxc6 30. Na4 Ke7 31. Nc5 a5 32. Kf1 Nb6 33. Ke1 a4
34. Kd1 a3 35. Kc1 Nc4 36. Kb1 Kd8 37. Nb7+ Kc7 38. Nd6 Nxd6 39. exd6+ Kxd6 40.
Ka2 c5 41. dxc5+ Kxc5 42. Kxa3 Kc4 43. Kb2 Kd3 44. Kc1 Ke2 45. Kc2 d4 0-1

[Event "KP junioru MKSS 2019"]
[Site "?"]
[Date "2019.06.15"]
[Round "3"]
[White "Stefanik, Marek"]
[Black "Gemsova, Tereza"]
[Result "1-0"]
[WhiteElo "1972"]
[BlackElo "1477"]
[PlyCount "48"]

1. e4 c5 2. Nf3 g6 3. c3 Nf6 4. e5 Nd5 5. d4 d6 6. Qb3 Nb6 7. Be3 N8d7 8. Ng5
e6 9. Ne4 Nd5 10. Bb5 Nxe3 11. Bxd7+ Bxd7 12. Nf6+ Ke7 13. fxe3 Bc6 14. O-O Bh6
15. d5 exd5 16. Nxd5+ Bxd5 17. Qxd5 Bxe3+ 18. Kh1 Rf8 19. Qxb7+ Qd7 20. exd6+
Ke6 21. Rf6+ Kxf6 22. Qxd7 Rfe8 23. Na3 Re6 24. Rf1+ Kg7 1-0

[Event "KP junioru MKSS 2019"]
[Site "?"]
[Date "2019.06.15"]
[Round "3"]
[White "Bohdal, Karel"]
[Black "Chwistek, Marek"]
[Result "1/2-1/2"]
[WhiteElo "1474"]
[BlackElo "1060"]
[PlyCount "106"]

1. e4 e5 2. Nf3 Nc6 3. Bc4 Nf6 4. Ng5 d5 5. exd5 Na5 6. Bb5+ Bd7 7. Bxd7+ Qxd7
8. Nc3 Nxd5 9. Nxd5 Qxd5 10. O-O O-O-O 11. d3 f6 12. Ne4 f5 13. Ng3 g6 14. b3
Rg8 15. Bb2 Nc6 16. Re1 Bg7 17. Rb1 h5 18. Qd2 Bf6 19. f4 h4 20. Nf1 g5 21.
fxe5 Nxe5 22. Bxe5 Bxe5 23. Ne3 Bd4 24. c3 Bb6 25. d4 Qe4 26. Nc4 Qf4 27. Qxf4
gxf4 28. Nxb6+ axb6 29. Rf1 h3 30. Rb2 Rg4 31. Rf3 Rh8 32. g3 Rhg8 33. Kf2
fxg3+ 34. Rxg3 Rxg3 35. hxg3 h2 36. Rb1 Kd7 37. Re1 Kd6 38. c4 c6 39. Kg2 f4
40. Kxh2 Rxg3 41. Re2 Rc3 42. Rd2 Ke6 43. Kg2 b5 44. cxb5 Kd5 45. bxc6 bxc6 46.
Rf2 Ke4 47. Rd2 Ke3 48. Rf2 Ke4 49. Rb2 Kxd4 50. a4 Kc5 51. b4+ Kb6 52. b5 cxb5
53. Rxb5+ Ka6 1/2-1/2

[Event "KP junioru MKSS 2019"]
[Site "?"]
[Date "2019.06.15"]
[Round "3"]
[White "Havel, Kristian"]
[Black "Kucera, Tomas"]
[Result "0-1"]
[WhiteElo "1644"]
[BlackElo "2023"]
[PlyCount "96"]

1. d4 Nf6 2. Bf4 d5 3. e3 e6 4. Nf3 Bd6 5. Bg3 O-O 6. Bd3 b6 7. Qe2 Bb7 8. Nbd2
c5 9. c3 Nc6 10. e4 dxe4 11. Nxe4 Nxe4 12. Qxe4 g6 13. Bxd6 Qxd6 14. Qh4 cxd4
15. O-O-O Qe7 16. Qxe7 Nxe7 17. cxd4 Rac8+ 18. Kd2 Bxf3 19. gxf3 Rfd8 20. Ke3
Rd6 21. Be4 f5 22. Bb1 Rcd8 23. f4 Nc6 24. Rc1 Kf7 25. Rc4 Kf6 26. Rd1 Ne7 27.
Ra4 a5 28. a3 Rc8 29. Ba2 Rc2 30. Rd2 Rxd2 31. Kxd2 Nc6 32. Rc4 Rxd4+ 33. Rxd4
Nxd4 34. Ke3 Nc6 35. h3 h6 36. Kd3 b5 37. Bb3 a4 38. Ba2 g5 39. fxg5+ hxg5 40.
f3 Ne5+ 41. Ke3 Nc4+ 42. Bxc4 bxc4 43. Kd4 e5+ 44. Kxc4 e4 45. Kd4 exf3 46. Ke3
g4 47. hxg4 fxg4 48. Kf2 Ke5 0-1

[Event "KP junioru MKSS 2019"]
[Site "?"]
[Date "2019.06.15"]
[Round "4"]
[White "Kucera, Tomas"]
[Black "Stefanik, Marek"]
[Result "0-1"]
[WhiteElo "2023"]
[BlackElo "1972"]
[PlyCount "64"]

1. c4 Nf6 2. Nc3 e5 3. g3 Nc6 4. Bg2 Bb4 5. Nf3 d6 6. a3 Bxc3 7. dxc3 Be6 8.
Nd2 Qd7 9. e4 Bh3 10. Bxh3 Qxh3 11. Qf3 O-O 12. Nf1 Na5 13. Nd2 Ng4 14. b4 Nc6
15. Nf1 f5 16. exf5 e4 17. Qf4 Qg2 18. Qxg4 Ne5 19. Qe2 Qxh1 20. Be3 Nf3+ 21.
Kd1 Nxh2 22. Kc2 Nxf1 23. Rxf1 Qf3 24. Qxf3 exf3 25. g4 h5 26. gxh5 Rxf5 27.
Rh1 Kh7 28. h6 g5 29. Kd3 Re8 30. Rh5 d5 31. c5 c6 32. Kd2 Kg6 0-1

[Event "KP junioru MKSS 2019"]
[Site "?"]
[Date "2019.06.15"]
[Round "4"]
[White "Gemsova, Tereza"]
[Black "Mlynek, Stanislav"]
[Result "1/2-1/2"]
[WhiteElo "1477"]
[BlackElo "1559"]
[PlyCount "45"]

1. e4 e5 2. Nf3 Nc6 3. Bc4 Nf6 4. Ng5 Bc5 5. Bxf7+ Ke7 6. Bd5 Rf8 7. c3 Nxd5 8.
exd5 Bxf2+ 9. Ke2 Nb8 10. d4 Qe8 11. dxe5 d6 12. e6 Qh5+ 13. Nf3 Bb6 14. Bg5+
Ke8 15. Na3 Rxf3 16. gxf3 Qxg5 17. Nc4 Qg2+ 18. Kd3 Qg6+ 19. Kd2 Qf5 20. Ke2
Na6 21. Qa4+ Kf8 22. Nxb6 axb6 23. b4 1/2-1/2

[Event "KP junioru MKSS 2019"]
[Site "?"]
[Date "2019.06.15"]
[Round "4"]
[White "Raptis, Janis"]
[Black "Havel, Kristian"]
[Result "0-1"]
[WhiteElo "1491"]
[BlackElo "1644"]
[PlyCount "48"]

1. c4 f5 2. d4 Nf6 3. Nc3 e6 4. g3 c6 5. Bg2 d5 6. cxd5 exd5 7. Nf3 Bd6 8. Bg5
Nbd7 9. Qd2 O-O 10. Bf4 Qe7 11. O-O-O Ne4 12. Nxe4 fxe4 13. Ng5 Nb6 14. e3 h6
15. h4 Bg4 16. f3 Bxf4 17. exf4 hxg5 18. hxg5 exf3 19. g6 Nc4 20. Rh2 Nxd2 21.
Rdh1 Nb3+ 22. axb3 Qe3+ 23. Kb1 Qe4+ 24. Ka2 Qxg6 0-1

[Event "KP junioru MKSS 2019"]
[Site "?"]
[Date "2019.06.15"]
[Round "4"]
[White "Moravec, Hynek"]
[Black "Huber, Lukas"]
[Result "1-0"]
[WhiteElo "1202"]
[BlackElo "1311"]
[PlyCount "49"]

1. b3 e5 2. Bb2 Nc6 3. e3 d5 4. Bb5 Bd6 5. Nf3 Bg4 6. h3 Bxf3 7. Qxf3 Nge7 8.
c4 a6 9. Bxc6+ bxc6 10. c5 Bxc5 11. Bxe5 O-O 12. Qg3 Ng6 13. Bxc7 Qf6 14. Nc3
d4 15. Ne4 Qf5 16. Nxc5 Qxc5 17. Bd6 Qd5 18. Bxf8 Rxf8 19. O-O dxe3 20. dxe3 h5
21. Rfd1 Qe4 22. Rac1 Ne7 23. Qd6 Rc8 24. Rd4 Qf5 25. Qxe7 1-0

[Event "KP junioru MKSS 2019"]
[Site "?"]
[Date "2019.06.15"]
[Round "4"]
[White "Palyza, Lukas"]
[Black "Sakaev, Konstantin"]
[Result "0-1"]
[WhiteElo "1341"]
[BlackElo "1482"]
[PlyCount "42"]

1. e4 e5 2. f4 Nc6 3. Nf3 d6 4. Be2 f5 5. d3 Nf6 6. Nc3 Qd7 7. O-O fxe4 8. dxe4
Be7 9. Bc4 Na5 10. Bd3 Nc6 11. f5 b6 12. Bc4 Na5 13. Be6 Qc6 14. Ng5 h6 15. Bd5
Qc5+ 16. Kh1 Nxd5 17. Qh5+ Kd7 18. Nxd5 Ba6 19. Be3 hxg5 20. Qxh8 Rxh8 21. Bxc5
Bxf1 0-1

[Event "KP junioru MKSS 2019"]
[Site "?"]
[Date "2019.06.15"]
[Round "4"]
[White "Klapuch, Dominik"]
[Black "Bohdal, Karel"]
[Result "1/2-1/2"]
[WhiteElo "1074"]
[BlackElo "1474"]
[PlyCount "81"]

1. e4 e6 2. d4 b6 3. Nc3 Bb7 4. Nf3 Bb4 5. Bd3 Nf6 6. Qe2 c5 7. dxc5 Bxc5 8.
Bg5 Be7 9. O-O d5 10. exd5 Nxd5 11. Nxd5 Bxd5 12. Bxe7 Qxe7 13. Rfe1 Qf6 14.
Be4 Bc6 15. c3 O-O 16. Rad1 Bxe4 17. Qxe4 Na6 18. Qb7 Nc5 19. Qc6 Rfc8 20. Qb5
Rd8 21. b4 Rxd1 22. Rxd1 Ne4 23. Qc6 Rd8 24. Rxd8+ Qxd8 25. Qxe4 Qd1+ 26. Qe1
Qc2 27. h3 Qxa2 28. Qe5 g6 29. Qb8+ Kg7 30. Ne5 Qa1+ 31. Kh2 Qxc3 32. Ng4 Qxb4
33. Qe5+ Kf8 34. Qb8+ Kg7 35. Qxa7 h5 36. Ne3 b5 37. Qa1+ Kf8 38. Qa8+ Kg7 39.
Qa1+ Kg8 40. Qa8+ Kg7 41. Qa1+ 1/2-1/2

[Event "KP junioru MKSS 2019"]
[Site "?"]
[Date "2019.06.15"]
[Round "5"]
[White "Chwistek, Marek"]
[Black "Palyza, Lukas"]
[Result "0-1"]
[WhiteElo "1060"]
[BlackElo "1341"]
[PlyCount "66"]

1. e4 c5 2. Nf3 Nc6 3. Nc3 g6 4. Bc4 Bg7 5. d3 d6 6. Bf4 Qb6 7. b3 Bxc3+ 8. Bd2
Bxa1 9. Qxa1 Nf6 10. Bh6 Nd4 11. Qc3 Nxf3+ 12. gxf3 Qb4 13. Qxb4 cxb4 14. f4
Be6 15. Bb5+ Bd7 16. Bc4 b5 17. Bd5 Nxd5 18. exd5 Rc8 19. Kd2 Rc5 20. Re1 Rxd5
21. Bg7 Rg8 22. Bf6 e6 23. Re4 Rh5 24. h4 a5 25. Bg5 Bc6 26. Re3 Kd7 27. c3
bxc3+ 28. Kxc3 f6 29. Bxf6 Rf8 30. Bg5 h6 31. d4 hxg5 32. fxg5 Rf3 33. Rxf3
Bxf3 0-1

[Event "KP junioru MKSS 2019"]
[Site "?"]
[Date "2019.06.15"]
[Round "5"]
[White "Moravec, Hynek"]
[Black "Kucera, Tomas"]
[Result "1/2-1/2"]
[WhiteElo "1202"]
[BlackElo "2023"]
[PlyCount "52"]

1. e4 c5 2. Nc3 Nc6 3. Bb5 Nd4 4. Nf3 Nxb5 5. Nxb5 a6 6. Nc3 d6 7. d4 cxd4 8.
Qxd4 e5 9. Qd1 Nf6 10. Qe2 Be7 11. h3 O-O 12. Bg5 Be6 13. O-O-O Qc7 14. Bxf6
Bxf6 15. Nd5 Bxd5 16. Rxd5 Rac8 17. g4 Be7 18. Rhd1 Qc4 19. Qxc4 Rxc4 20. Nd2
Rc6 21. Kb1 Rfc8 22. c4 Kf8 23. b3 Bh4 24. Nf3 Be7 25. Nd2 Ke8 26. Nf1 Rd8
1/2-1/2

[Event "KP junioru MKSS 2019"]
[Site "?"]
[Date "2019.06.15"]
[Round "5"]
[White "Hubner, Lukas"]
[Black "Klapuch, Dominik"]
[Result "1-0"]
[WhiteElo "1311"]
[BlackElo "1074"]
[PlyCount "123"]

1. e4 e5 2. Nf3 Nc6 3. Bc4 h6 4. d4 exd4 5. Nxd4 Bc5 6. c3 Nf6 7. Nxc6 bxc6 8.
Nd2 d5 9. exd5 cxd5 10. Bb5+ Bd7 11. Bxd7+ Qxd7 12. O-O O-O 13. b4 Bb6 14. Bb2
d4 15. c4 a5 16. c5 Ba7 17. a3 Qd5 18. Nf3 c6 19. Nxd4 Rfe8 20. Qf3 Qxf3 21.
Nxf3 Nd5 22. Rfe1 Reb8 23. Be5 Re8 24. Bd6 Rxe1+ 25. Rxe1 axb4 26. axb4 Nxb4
27. Ra1 Nc2 28. Ra6 Nb4 29. Ra5 Nd3 30. Kf1 g5 31. Nd4 Re8 32. Nf3 Bb8 33. Ra8
Kh7 34. Rxb8 Re4 35. Rc8 g4 36. Rxc6 gxf3 37. gxf3 Re6 38. Rc7 Kg6 39. Re7 Rf6
40. Ke2 Nb4 41. Be5 Rf5 42. f4 f6 43. Bd6 Nd5 44. Ra7 Nxf4+ 45. Bxf4 Rxf4 46.
c6 Rc4 47. c7 Kf5 48. Kd3 Rc1 49. Kd4 Rd1+ 50. Kc5 Ke5 51. Kc6 Rc1+ 52. Kd7
Rd1+ 53. Kc8 Rc1 54. Kb8 Rb1+ 55. Rb7 Rf1 56. c8=Q Rxf2 57. Qc5+ Ke6 58. Rb6+
Kf7 59. Qxf2 h5 60. Qxf6+ Kg8 61. Rb7 h4 62. Qg7# 1-0

[Event "KP junioru MKSS 2019"]
[Site "?"]
[Date "2019.06.15"]
[Round "5"]
[White "Stefanik, Marek"]
[Black "Havel, Kristian"]
[Result "1-0"]
[WhiteElo "1972"]
[BlackElo "1644"]
[PlyCount "55"]

1. e4 c5 2. Nf3 Nc6 3. Bb5 d6 4. O-O Bd7 5. Nc3 e6 6. d4 cxd4 7. Nxd4 Nf6 8.
Be3 Be7 9. f4 O-O 10. Bxc6 bxc6 11. e5 Nd5 12. Nxd5 cxd5 13. Qg4 dxe5 14. fxe5
Bc5 15. c3 Kh8 16. Rf3 Qb8 17. b4 Bxd4 18. Bxd4 Bb5 19. Rh3 g6 20. Qf4 f5 21.
Qh6 Rf7 22. Qxg6 Qe8 23. Rh6 Re7 24. Qf6+ Rg7 25. Qxe6 Qxe6 26. Rxe6 Rag8 27.
g3 f4 28. Rd6 1-0

[Event "KP junioru MKSS 2019"]
[Site "?"]
[Date "2019.06.15"]
[Round "5"]
[White "Mlynek, Stanislav"]
[Black "Raptis, Janis"]
[Result "1/2-1/2"]
[WhiteElo "1559"]
[BlackElo "1491"]
[PlyCount "58"]

1. e4 c6 2. d4 d5 3. Nc3 dxe4 4. Nxe4 Bf5 5. Ng3 Bg6 6. h4 h6 7. Nf3 Nd7 8. h5
Bh7 9. Bd3 Bxd3 10. Qxd3 Ngf6 11. Bd2 e6 12. Ne4 Nxe4 13. Qxe4 Nf6 14. Qd3 Bd6
15. O-O-O Qc7 16. Rh4 O-O-O 17. Qb3 Kb8 18. Ne5 Bxe5 19. dxe5 Nd5 20. c4 Ne7
21. Bb4 Rxd1+ 22. Qxd1 c5 23. Bc3 Nf5 24. Rh3 Rd8 25. Rd3 Kc8 26. g4 Ne7 27.
Qf3 Rxd3 28. Qxd3 Qd7 29. Qh7 b5 1/2-1/2

[Event "KP junioru MKSS 2019"]
[Site "?"]
[Date "2019.06.15"]
[Round "5"]
[White "Sakaev, Konstantin"]
[Black "Gemsova, Tereza"]
[Result "0-1"]
[WhiteElo "1482"]
[BlackElo "1477"]
[PlyCount "128"]

1. e4 c5 2. Nf3 Nc6 3. Bc4 g6 4. d4 cxd4 5. Nxd4 Bg7 6. Be3 Nf6 7. Nc3 e6 8.
Qd2 Ng4 9. Nxc6 bxc6 10. Bc5 Qa5 11. Ba3 Qc7 12. Qd6 Qd8 13. Qf4 Qa5 14. Qd2 c5
15. O-O Qc7 16. f4 Bd4+ 17. Kh1 Ne3 18. Nb5 Qb6 19. Nxd4 Nxc4 20. Qc3 Nxa3 21.
Nxe6 Rg8 22. Nxc5 Nb5 23. Qe5+ Kf8 24. Qd5 Nc7 25. Nxd7+ Bxd7 26. Qxd7 Kg7 27.
b3 Rad8 28. Qg4 Rd2 29. Rac1 Qc6 30. c4 Rxa2 31. e5 Rb2 32. Qf3 Qxf3 33. Rxf3
Rb8 34. g4 R8xb3 35. Rxb3 Rxb3 36. Kg2 a5 37. Ra1 Rb4 38. Rxa5 Rxc4 39. Kg3
Rc3+ 40. Kf2 Ne6 41. Ra4 Nc5 42. Rd4 Ne6 43. Ra4 Rd3 44. Re4 g5 45. f5 Nf4 46.
e6 fxe6 47. fxe6 Rd8 48. h4 h6 49. hxg5 hxg5 50. Ke3 Re8 51. Re5 Rxe6 52. Rxe6
Nxe6 53. Ke4 Kf6 54. Kd5 Nf4+ 55. Ke4 Ng6 56. Kf3 Ke5 57. Ke3 Nh4 58. Kf2 Kf4
59. Kg1 Kxg4 60. Kf2 Kh3 61. Kg1 g4 62. Kh1 g3 63. Kg1 Nf3+ 64. Kh1 g2# 0-1

[Event "KP junioru MKSS 2019"]
[Site "?"]
[Date "2019.06.16"]
[Round "6"]
[White "Kucera, Tomas"]
[Black "Gemsova, Tereza"]
[Result "1/2-1/2"]
[WhiteElo "2023"]
[BlackElo "1477"]
[PlyCount "28"]

1. c4 c6 2. Nf3 d5 3. d4 Bf5 4. g3 Nf6 5. Bg2 e6 6. O-O Bd6 7. Qb3 b6 8. Nc3
Qc7 9. Ne5 Ne4 10. cxd5 Nxc3 11. Qxc3 cxd5 12. Qxc7 Bxc7 13. Bf4 f6 14. Rac1
fxe5 1/2-1/2

[Event "KP junioru MKSS 2019"]
[Site "?"]
[Date "2019.06.16"]
[Round "6"]
[White "Palyza, Lukas"]
[Black "Hubner, Lukas"]
[Result "0-1"]
[WhiteElo "1341"]
[BlackElo "1311"]
[PlyCount "22"]

1. e4 e5 2. f4 exf4 3. Nf3 d6 4. d4 Nf6 5. Nc3 Bg4 6. Bxf4 Nbd7 7. Bc4 Be7 8.
e5 dxe5 9. dxe5 Nh5 10. Qd5 Be6 11. Qe4 Nc5 0-1